[Event "II Trofeo Giovanni Pico"]
[Site "Mirandola ITA"]
[Date "2009.01.10"]
[Round "3"]
[White "Moi, Roberto"]
[Black "Binder, Andrea"]
[Result "0-1"]
[WhiteElo "1957"]
[BlackElo "1914"]
[PlyCount "66"]
[EventDate "2009.01.09"]

1. d4 Nf6 2. c4 g6 3. Nc3 Bg7 4. e4 d6 5. Nf3 O-O 6. Be2 e5 7. O-O exd4 8. Nxd4
Re8 9. f3 Nc6 10. Be3 Nh5 11. Nxc6 bxc6 12. Qd2 f5 13. Rad1 f4 14. Bxf4 Nxf4
15. Qxf4 Be5 16. Qh6 Qf6 17. Qe3 Bf4 18. Qf2 Qg5 19. Kh1 Qh6 20. g4 Be5 21. c5
Be6 22. cxd6 cxd6 23. Qg2 Rab8 24. Bd3 Rf8 25. Rd2 Rb7 26. Rc2 Rbf7 27. b3 Qe3
28. Rd1 Rxf3 29. Re2 Qf4 30. Rc2 Bxg4 31. Ne2 Qh6 32. Bc4+ Kh8 33. Nd4 Rh3 0-1

[Event "II Trofeo Giovanni Pico"]
[Site "Mirandola ITA"]
[Date "2009.01.10"]
[Round "3"]
[White "Raisi, Michele"]
[Black "Salvioli, Alessandro"]
[Result "0-1"]
[WhiteElo "1462"]
[BlackElo "1875"]
[PlyCount "102"]
[EventDate "2009.01.09"]

1. e4 c5 2. Nf3 e6 3. d4 cxd4 4. Nxd4 a6 5. Bd3 Nc6 6. Nxc6 bxc6 7. Nd2 d5 8.
O-O Bc5 9. Nf3 Qc7 10. Re1 Ne7 11. Be3 Bxe3 12. Rxe3 Bb7 13. e5 c5 14. c3 Rb8
15. Qc2 h6 16. Rd1 Qb6 17. Be2 Nf5 18. Red3 Bc6 19. g4 Ne7 20. Rb1 Ng6 21. Re3
Bb5 22. Bxb5+ axb5 23. Qd2 h5 24. g5 h4 25. b4 c4 26. Nd4 Ra8 27. Re2 Ne7 28.
f4 g6 29. Kg2 Nc6 30. Nxc6 Qxc6 31. Qd4 Kd7 32. Reb2 Ra3 33. Rc1 Kc7 34. Kh3
Qb6 35. Qxb6+ Kxb6 36. Rcc2 d4 37. Rd2 Rxc3+ 38. Kg2 Rd8 39. Rb1 Ra3 40. Rbd1
c3 41. Rc2 d3 42. Rcc1 Rxa2+ 43. Kh3 d2 44. Rxc3 Rb2 45. Kxh4 Rxb4 46. Kg4 Rc4
47. Rxc4 bxc4 48. Kf3 c3 49. Ke2 c2 50. Rxd2 c1=Q 51. Rxd8 Qxf4 0-1

[Event "II Trofeo Giovanni Pico"]
[Site "Mirandola ITA"]
[Date "2009.01.10"]
[Round "3"]
[White "Schiatti, Piero"]
[Black "Tomasi, Valentina"]
[Result "1-0"]
[WhiteElo "1994"]
[BlackElo "1431"]
[PlyCount "39"]
[EventDate "2009.01.09"]

1. c4 c5 2. Nf3 Nc6 3. d4 cxd4 4. Nxd4 e5 5. Nb5 a6 6. Nd6+ Bxd6 7. Qxd6 Qf6 8.
Qd1 Qg6 9. g3 Nge7 10. Bg2 O-O 11. O-O Rd8 12. Nc3 d6 13. b3 Rb8 14. a4 Nb4 15.
Be3 Bf5 16. Bb6 Bc2 17. Qd2 Rd7 18. Rac1 Nec6 19. Nd5 a5 20. Nxb4 1-0

[Event "II Trofeo Giovanni Pico"]
[Site "Mirandola ITA"]
[Date "2009.01.10"]
[Round "3"]
[White "Sciortino, Massimo"]
[Black "Lagrotteria, Salvatore"]
[Result "1/2-1/2"]
[WhiteElo "2196"]
[BlackElo "2215"]
[PlyCount "55"]
[EventDate "2009.01.09"]

1. e4 e6 2. d4 d5 3. Nc3 Bb4 4. e5 c5 5. Bd2 Bxc3 6. Bxc3 b6 7. Qg4 Kf8 8. Nf3
Ne7 9. O-O-O a5 10. h4 c4 11. h5 h6 12. Qf4 b5 13. g4 b4 14. Bd2 Nbc6 15. g5
Nf5 16. gxh6 gxh6 17. Bh3 Nce7 18. Rdg1 c3 19. bxc3 bxc3 20. Bxc3 Qc7 21. Bb2
Ba6 22. Bxf5 Nxf5 23. Ba3+ Ke8 24. Bc5 Rc8 25. Qd2 Rb8 26. Rh2 Qb7 27. Qxa5 Be2
28. Qa4+ 1/2-1/2

[Event "II Trofeo Giovanni Pico"]
[Site "Mirandola ITA"]
[Date "2009.01.10"]
[Round "3"]
[White "Setti, Massimo"]
[Black "Benedetti, Maurizio"]
[Result "0-1"]
[WhiteElo "1494"]
[BlackElo "1547"]
[PlyCount "98"]
[EventDate "2009.01.09"]

1. c4 e5 2. Nc3 b6 3. e3 Bb7 4. d4 exd4 5. exd4 Nf6 6. Nf3 d5 7. cxd5 Nxd5 8.
Be2 Bb4 9. Bd2 O-O 10. O-O Re8 11. Nxd5 Bxd2 12. Nxc7 Qxc7 13. Qxd2 Nc6 14.
Rac1 Qd6 15. Bb5 a6 16. Bxc6 Bxc6 17. Rc3 Rad8 18. Qd1 Bxf3 19. Qxf3 Qxd4 20.
Rc7 Qd5 21. Qxd5 Rxd5 22. g3 Rd2 23. f3 Rxb2 24. Rf2 Rxf2 25. Kxf2 g6 26. Rc6
Re6 27. Rc2 b5 28. f4 Re4 29. Kf3 Ra4 30. Ke3 h5 31. Kd3 h4 32. Ke3 Ra3+ 33.
Kf2 hxg3+ 34. hxg3 b4 35. Kg2 a5 36. Kh3 Rc3 37. Rb2 Rc5 38. Kh4 Rh5+ 39. Kg4
Rb5 40. Kf3 a4 41. Ke4 b3 42. axb3 Rxb3 43. Ra2 a3 44. g4 Rb4+ 45. Ke5 Ra4 46.
f5 gxf5 47. gxf5 Ra5+ 48. Kf6 Ra6+ 49. Kg5 Kg7 0-1

[Event "II Trofeo Giovanni Pico"]
[Site "Mirandola ITA"]
[Date "2009.01.10"]
[Round "3"]
[White "Zuccaro, Guido"]
[Black "Bartiromo, Gerardo"]
[Result "1-0"]
[WhiteElo "1770"]
[BlackElo "1631"]
[PlyCount "93"]
[EventDate "2009.01.09"]

1. c4 Nf6 2. Nc3 c6 3. Nf3 d5 4. cxd5 Nxd5 5. g3 e6 6. Bg2 Nd7 7. O-O Bd6 8. d4
O-O 9. e4 Nxc3 10. bxc3 f6 11. Qb3 Qb6 12. Qxe6+ Rf7 13. Qxd6 Nf8 14. Be3 Qa5
15. Qb4 Qd8 16. e5 a5 17. Qb2 Be6 18. exf6 Qxf6 19. Ng5 Rd7 20. Nxe6 Nxe6 21.
Qb3 Re8 22. Bh3 Rd5 23. Qxb7 Ng5 24. Bg2 Nf3+ 25. Bxf3 Qxf3 26. Qxc6 Rf8 27.
Qe6+ Kh8 28. Rab1 Rdf5 29. Rb7 h5 30. h4 Qg4 31. Kh2 R8f6 32. Rb8+ Kh7 33. Qg8+
Kg6 34. Rb7 Rf7 35. Rxf7 Rxf7 36. Qe8 Qf5 37. Bf4 Kh7 38. Qe5 Qg6 39. Re1 Kg8
40. Qe8+ Kh7 41. Qe4 Rf5 42. Qe3 Qg4 43. Qd2 Qf3 44. Re5 Rf7 45. Qe2 Rxf4 46.
gxf4 Qxf4+ 47. Kh3 1-0

[Event "II Trofeo Giovanni Pico"]
[Site "Mirandola ITA"]
[Date "2009.01.11"]
[Round "4"]
[White "Balboni, Lamberto"]
[Black "Decaneto, Erick"]
[Result "1-0"]
[WhiteElo "1772"]
[BlackElo "1548"]
[PlyCount "89"]
[EventDate "2009.01.09"]

1. e4 c5 2. Nf3 Nc6 3. d4 cxd4 4. Nxd4 e6 5. c4 Bb4+ 6. Nc3 Nge7 7. Ndb5 d5 8.
a3 Bxc3+ 9. bxc3 a6 10. cxd5 exd5 11. exd5 axb5 12. dxc6 Qxd1+ 13. Kxd1 bxc6
14. c4 Bd7 15. cxb5 cxb5 16. Bb2 O-O 17. Rc1 Rfc8 18. Rxc8+ Nxc8 19. Bd3 Nb6
20. Be4 Rd8 21. Kc2 Nc4 22. Bc1 Rc8 23. Kb3 g6 24. Bd5 Rc5 25. Rd1 Bc6 26. Bxc6
Rxc6 27. Bh6 Rd6 28. Rxd6 Nxd6 29. Kb4 Nc4 30. a4 bxa4 31. Kxc4 f5 32. Kb4 Kf7
33. Kxa4 Ke6 34. Kb4 Kd5 35. Kc3 Ke4 36. Kd2 Kd4 37. f3 Kd5 38. Ke3 Ke5 39. h4
Kf6 40. Kf4 Ke6 41. Bg7 Kf7 42. Bc3 h6 43. h5 g5+ 44. Kxf5 Kg8 45. Kg6 1-0

[Event "II Trofeo Giovanni Pico"]
[Site "Mirandola ITA"]
[Date "2009.01.11"]
[Round "4"]
[White "Bartiromo, Gerardo"]
[Black "Raisi, Michele"]
[Result "1/2-1/2"]
[WhiteElo "1631"]
[BlackElo "1462"]
[PlyCount "109"]
[EventDate "2009.01.09"]

1. e4 e5 2. Nf3 Nc6 3. d4 exd4 4. Nxd4 Bc5 5. c3 d5 6. Nxc6 bxc6 7. e5 Qh4 8.
Qf3 Ne7 9. Bd3 Qg4 10. Qxg4 Bxg4 11. f3 Be6 12. Nd2 O-O 13. Nb3 Bb6 14. g4 Ng6
15. Bxg6 fxg6 16. Rf1 Rae8 17. Nd4 Bc8 18. f4 c5 19. Ne2 Bxg4 20. Be3 Be6 21.
a3 Rd8 22. O-O-O Bg4 23. Rd2 Bxe2 24. Rxe2 d4 25. cxd4 cxd4 26. Bd2 Rf5 27. Rf3
Kf7 28. Rh3 h6 29. Kd1 d3 30. Re1 a5 31. Rf3 Ke6 32. Bc3 Bd4 33. Re4 Bxc3 34.
bxc3 g5 35. Kd2 gxf4 36. Rfxf4 Rxf4 37. Rxf4 Rd7 38. Re4 Rd5 39. Rc4 Kxe5 40.
Rxc7 g5 41. c4 Rd4 42. c5 Kd5 43. c6 Ra4 44. Rh7 Kxc6 45. Rxh6+ Kc5 46. Rh5
Rxa3 47. Rxg5+ Kb4 48. Rg4+ Kb3 49. Kxd3 Kb2+ 50. Kd2 Rh3 51. Ra4 Rxh2+ 52. Kd3
Rh3+ 53. Kc4 Ra3 54. Kb5 Kb3 55. Rxa5 1/2-1/2

[Event "II Trofeo Giovanni Pico"]
[Site "Mirandola ITA"]
[Date "2009.01.11"]
[Round "4"]
[White "Benedetti, Maurizio"]
[Black "De Biaggi, Paolo"]
[Result "1-0"]
[WhiteElo "1547"]
[BlackElo "1904"]
[PlyCount "53"]
[EventDate "2009.01.09"]

1. e4 e5 2. Nf3 Nf6 3. Nxe5 d6 4. Nf3 Nxe4 5. d4 d5 6. Bd3 Bd6 7. O-O O-O 8.
Re1 Re8 9. Nbd2 f5 10. c4 c6 11. Qb3 Kh8 12. g3 Re7 13. cxd5 cxd5 14. Qxd5 Be6
15. Qb5 a6 16. Qa4 Bd5 17. Qd1 Nc6 18. Bc4 Bb4 19. Bxd5 Qxd5 20. a3 Bxd2 21.
Bxd2 Nxd2 22. Nxd2 Rxe1+ 23. Qxe1 Nxd4 24. Rc1 Qb5 25. Kg2 Re8 26. Qd1 Qxb2 27.
Nc4 1-0

[Event "II Trofeo Giovanni Pico"]
[Site "Mirandola ITA"]
[Date "2009.01.11"]
[Round "4"]
[White "Bertani, Gianfranco"]
[Black "Sciortino, Massimo"]
[Result "0-1"]
[WhiteElo "2100"]
[BlackElo "2196"]
[PlyCount "110"]
[EventDate "2009.01.09"]

1. Nf3 Nf6 2. d4 g6 3. Bg5 Bg7 4. e3 Ne4 5. Bf4 d5 6. Bd3 O-O 7. Nbd2 Nxd2 8.
Nxd2 c5 9. c3 b6 10. Qe2 Nc6 11. Bg3 Bb7 12. f4 Qd7 13. h4 e6 14. h5 Ne7 15.
O-O-O Rfc8 16. Nf3 c4 17. Bc2 b5 18. Ng5 a5 19. hxg6 hxg6 20. Rh2 f6 21. Nf3
Kf7 22. Nh4 Rh8 23. Rdh1 Rh6 24. Nxg6 Rxg6 25. Bxg6+ Nxg6 26. Rh7 Rh8 27. Qg4
Rxh7 28. Rxh7 Qe8 29. Bh4 Kg8 30. Qh5 Qf7 31. Bf2 Nf8 32. Qxf7+ Kxf7 33. Rh1
Ng6 34. Kd2 Ne7 35. b3 Nc6 36. Rb1 cxb3 37. Rxb3 Ba6 38. g4 Kg6 39. a4 b4 40.
cxb4 axb4 41. e4 dxe4 42. f5+ Kf7 43. Ke3 Bc4 44. Rb2 Bd3 45. Bg3 Bf8 46. Rh2
exf5 47. gxf5 Na5 48. d5 Bc5+ 49. Kf4 Kg7 50. Kg4 Nc4 51. a5 b3 52. d6 Nxd6 53.
Bxd6 Bxd6 54. Rb2 Bc2 55. a6 Bc5 0-1

[Event "II Trofeo Giovanni Pico"]
[Site "Mirandola ITA"]
[Date "2009.01.11"]
[Round "4"]
[White "Binder, Andrea"]
[Black "Malfagia, Andrea"]
[Result "0-1"]
[WhiteElo "1914"]
[BlackElo "2263"]
[PlyCount "92"]
[EventDate "2009.01.09"]

1. Nf3 d5 2. g3 Nf6 3. Bg2 c6 4. O-O Bg4 5. d3 Nbd7 6. Nbd2 h6 7. e4 dxe4 8.
dxe4 e5 9. b3 Bc5 10. Qe1 O-O 11. Bb2 Re8 12. h3 Bxf3 13. Nxf3 Qe7 14. Qe2 a5
15. a4 Qe6 16. Nd2 Nf8 17. Nc4 N6d7 18. Rfd1 Red8 19. Rd3 f6 20. Rad1 Be7 21.
Bc3 b5 22. axb5 cxb5 23. Ne3 b4 24. Bb2 Nc5 25. Rxd8 Rxd8 26. Rxd8 Bxd8 27. Qd1
Qd7 28. Nd5 Ng6 29. Bc1 Ne7 30. Be3 Nxd5 31. Bxc5 Nb6 32. Qxd7 Nxd7 33. Be3 Bb6
34. Bxb6 Nxb6 35. Bf1 Kf7 36. Bb5 Ke6 37. Kf1 Kd6 38. Ke2 Kc5 39. Be8 Kd4 40.
f3 Kc3 41. Kd1 Na8 42. Bb5 Nc7 43. Bd7 Na6 44. Bc6 Nc5 45. Bd5 Kd4 46. Bc6 Ke3
0-1

[Event "II Trofeo Giovanni Pico"]
[Site "Mirandola ITA"]
[Date "2009.01.11"]
[Round "4"]
[White "Bolognesi, Alberto"]
[Black "Moi, Roberto"]
[Result "1-0"]
[WhiteElo "1898"]
[BlackElo "1957"]
[PlyCount "66"]
[EventDate "2009.01.09"]

1. Nf3 Nf6 2. c4 c5 3. g3 Nc6 4. Bg2 g6 5. O-O Bg7 6. d4 cxd4 7. Nxd4 O-O 8.
Nc3 Nxd4 9. Qxd4 d6 10. Qh4 Ng4 11. h3 Ne5 12. c5 Nc6 13. Rd1 Be6 14. Ne4 d5
15. Ng5 h5 16. g4 Nd4 17. Kf1 Qc7 18. gxh5 Nf5 19. Qb4 d4 20. Nf3 Rad8 21. hxg6
fxg6 22. Kg1 Bd5 23. Bg5 Rf7 24. Rac1 Rdf8 25. a4 Ng3 26. Qe1 Nxe2+ 27. Qxe2
Rxf3 28. Qxe7 Qc6 29. Qd6 R8f5 30. Qxc6 Bxc6 31. Bh4 Rb3 32. Bxc6 bxc6 33. Bg3
Rxb2 1-0

[Event "II Trofeo Giovanni Pico"]
[Site "Mirandola ITA"]
[Date "2009.01.11"]
[Round "4"]
[White "Boni, Gianni"]
[Black "Setti, Massimo"]
[Result "0-1"]
[WhiteElo "1883"]
[BlackElo "1494"]
[PlyCount "75"]
[EventDate "2009.01.09"]

1. b3 d5 2. Bb2 Nc6 3. Nf3 Bg4 4. e3 e6 5. Bb5 a6 6. Bxc6+ bxc6 7. h3 Bh5 8. g4
Bg6 9. d3 f6 10. Nbd2 e5 11. Qe2 Bd6 12. e4 d4 13. Nc4 Ne7 14. O-O-O a5 15. a4
Bb4 16. h4 Nc8 17. Nfd2 Bf7 18. g5 Nb6 19. Rhg1 Qe7 20. gxf6 gxf6 21. Rg7 O-O-O
22. Qg4+ Kb8 23. Kb1 Rdg8 24. Rg1 Qf8 25. Qg2 Bg6 26. Rxg8 Rxg8 27. Qh2 Bh5 28.
Rxg8 Qxg8 29. Qg3 Qf8 30. f4 Qh6 31. Qf2 Nxc4 32. Nxc4 Qxf4 33. Qxf4 exf4 34.
Bxd4 Bd1 35. Bxf6 f3 36. Kc1 f2 37. Ne3 Be2 38. Kb2 0-1

[Event "II Trofeo Giovanni Pico"]
[Site "Mirandola ITA"]
[Date "2009.01.11"]
[Round "4"]
[White "Buriani, Andrea"]
[Black "Camerini, Lorenzo"]
[Result "1-0"]
[WhiteElo "2155"]
[BlackElo "2101"]
[PlyCount "101"]
[EventDate "2009.01.09"]

1. d4 g6 2. Nf3 Bg7 3. e4 d6 4. Nbd2 b6 5. Bd3 Bb7 6. O-O e6 7. Re1 Ne7 8. Nf1
h6 9. Be3 O-O 10. Qd2 Kh7 11. Ng3 Nd7 12. h4 Nf6 13. h5 Ng4 14. hxg6+ fxg6 15.
Nh2 Nxh2 16. Kxh2 Ng8 17. Rh1 c5 18. c3 Rc8 19. Kg1 c4 20. Bc2 e5 21. Ne2 d5
22. dxe5 dxe4 23. Nd4 Qe8 24. Bf4 Qf7 25. Rh4 Qe7 26. g3 h5 27. Re1 Bh6 28.
Bxh6 Nxh6 29. Bxe4 Bxe4 30. Rexe4 Nf7 31. Re2 Rc5 32. Rhe4 Rd5 33. f4 Nh6 34.
Qe1 Rfd8 35. Qf2 Ng4 36. Qf3 Rf8 37. e6 b5 38. Qh1 Kg7 39. Qh4 Rf6 40. Kg2 Rc5
41. Nf3 Rd5 42. Rd4 Rxd4 43. Nxd4 Nh6 44. Qg5 a6 45. Qd5 Ng8 46. Nc6 Qe8 47.
Qd7+ Kh6 48. e7 Nxe7 49. Rxe7 Qg8 50. Ne5 g5 51. fxg5+ 1-0

[Event "II Trofeo Giovanni Pico"]
[Site "Mirandola ITA"]
[Date "2009.01.11"]
[Round "4"]
[White "Drei, Andrea"]
[Black "Vicari, Luigi"]
[Result "1-0"]
[WhiteElo "2276"]
[BlackElo "2000"]
[PlyCount "103"]
[EventDate "2009.01.09"]

1. e4 c5 2. Nf3 d6 3. d4 cxd4 4. Qxd4 Nc6 5. Bb5 Bd7 6. Bxc6 bxc6 7. Nc3 Qb6 8.
Qd3 g6 9. O-O Bg7 10. Be3 Qc7 11. Bd4 Nf6 12. e5 Bf5 13. exf6 Bxd3 14. fxg7 Rg8
15. cxd3 f6 16. Rac1 Qd7 17. Rfe1 Kf7 18. Ne4 Kxg7 19. Bc3 Rab8 20. Re3 Rb5 21.
Rce1 e5 22. d4 Rf8 23. dxe5 fxe5 24. Nxd6 Rxf3 25. gxf3 Qxd6 26. Bxe5+ Rxe5 27.
Rxe5 Qd4 28. Re7+ Kh6 29. b3 a5 30. Kg2 Qc3 31. R1e4 Qf6 32. R7e6 Qg5+ 33. Kf1
Qc1+ 34. Re1 Qf4 35. Kg2 Qg5+ 36. Kh1 Qf4 37. R1e3 Qh4 38. Re2 Qf4 39. R6e3 a4
40. Rc2 axb3 41. Rxb3 Qd6 42. Rbc3 Qd5 43. Kg2 Qg5+ 44. Kf1 Qd5 45. a3 Qb5+ 46.
Kg2 Qg5+ 47. Kf1 Qd5 48. a4 Qe5 49. Ra3 Qxh2 50. a5 Qh3+ 51. Kg1 Qd7 52. Rca2
1-0

[Event "II Trofeo Giovanni Pico"]
[Site "Mirandola ITA"]
[Date "2009.01.11"]
[Round "4"]
[White "Jimchi, Abdelaziz"]
[Black "Zuccaro, Guido"]
[Result "1-0"]
[WhiteElo "1884"]
[BlackElo "1770"]
[PlyCount "25"]
[EventDate "2009.01.09"]

1. d4 d5 2. c4 c6 3. Nc3 Nf6 4. Nf3 dxc4 5. e4 b5 6. Qc2 Bb7 7. Bg5 Nbd7 8. Be2
Qb6 9. O-O e6 10. Rfd1 Be7 11. h3 O-O 12. e5 Nd5 13. Nxd5 1-0

[Event "II Trofeo Giovanni Pico"]
[Site "Mirandola ITA"]
[Date "2009.01.11"]
[Round "4"]
[White "Lagrotteria, Salvatore"]
[Black "Schiatti, Piero"]
[Result "1-0"]
[WhiteElo "2215"]
[BlackElo "1994"]
[PlyCount "47"]
[EventDate "2009.01.09"]

1. d4 e6 2. c4 f5 3. g3 Nf6 4. Bg2 Bb4+ 5. Bd2 Be7 6. Nf3 O-O 7. Nc3 d6 8. Qc2
d5 9. b3 c6 10. e3 Ne4 11. Ne2 Nd7 12. O-O Bd6 13. Bc3 Nxc3 14. Qxc3 b6 15.
cxd5 cxd5 16. Qc6 Ba6 17. Qxd6 Bxe2 18. Qxe6+ Kh8 19. Rfe1 Bxf3 20. Bxf3 Nf6
21. Rac1 Rc8 22. Qxf5 Rxc1 23. Rxc1 Ne4 24. Bxe4 1-0

[Event "II Trofeo Giovanni Pico"]
[Site "Mirandola ITA"]
[Date "2009.01.11"]
[Round "4"]
[White "Ricci, Alfredo"]
[Black "Campini, Marco"]
[Result "0-1"]
[WhiteElo "2031"]
[BlackElo "2075"]
[PlyCount "134"]
[EventDate "2009.01.09"]

1. d4 d5 2. c4 e6 3. Nc3 Be7 4. g3 c6 5. Bg2 Nf6 6. Nf3 O-O 7. O-O Nbd7 8. Qc2
dxc4 9. e4 Nb6 10. Rd1 Ne8 11. h4 f6 12. Be3 Nd6 13. a4 a5 14. Qd2 Nf7 15. Qe2
Bb4 16. Nd2 Nd6 17. e5 Nf7 18. Nxc4 Nd5 19. exf6 gxf6 20. Bd2 Nd6 21. Ne4 Nxc4
22. Bxb4 axb4 23. Qxc4 Re8 24. Nc5 b6 25. Nd3 Ba6 26. Qb3 Bxd3 27. Rxd3 Qd6 28.
Rc1 Ra7 29. Qc2 Rc7 30. Qe2 Ra8 31. b3 Rd8 32. Re1 Re7 33. Qg4+ Kh8 34. h5 Rg8
35. Qh4 Rf7 36. Rd2 f5 37. Rde2 Nc7 38. d5 Rg4 39. dxe6 Rxh4 40. exf7 Re4 41.
Bxe4 fxe4 42. Rxe4 Kg7 43. Re7 Kf8 44. R7e4 Kxf7 45. f4 Nd5 46. g4 Qc5+ 47. Kg2
Qc2+ 48. Kg3 Qxb3+ 49. Kh4 Qb2 50. g5 Qh2+ 51. Kg4 Qg2+ 52. Kf5 Qh3+ 53. Ke5
Qxh5 54. Kd6 Qg6+ 55. Kd7 Qf5+ 56. Kxc6 b3 57. Re5 Qxf4 58. Rxd5 Qxa4+ 59. Rb5
Qc4+ 60. Kxb6 Qd4+ 61. Kb7 b2 62. Rf5+ Kg6 63. Rff1 Kxg5 64. Kc6 Kg4 65. Rh1
Kf3 66. Rhf1+ Kg2 67. Rd1 Qc4+ 0-1

[Event "II Trofeo Giovanni Pico"]
[Site "Mirandola ITA"]
[Date "2009.01.11"]
[Round "4"]
[White "Salvioli, Alessandro"]
[Black "Caramaschi, Vincenzo"]
[Result "1-0"]
[WhiteElo "1875"]
[BlackElo "1651"]
[PlyCount "45"]
[EventDate "2009.01.09"]

1. e4 e5 2. Nf3 Nc6 3. Bc4 Nf6 4. d3 d5 5. exd5 Nxd5 6. O-O Bg4 7. c3 Be7 8.
Re1 f6 9. Bb3 Qd7 10. Bc2 O-O-O 11. b4 h5 12. a4 g5 13. a5 h4 14. Ba4 Nf4 15.
Bxf4 gxf4 16. b5 Nb4 17. cxb4 Qxd3 18. Qxd3 Rxd3 19. b6 axb6 20. a6 c5 21. Bb5
Rxf3 22. a7 Kc7 23. gxf3 1-0

[Event "II Trofeo Giovanni Pico"]
[Site "Mirandola ITA"]
[Date "2009.01.11"]
[Round "4"]
[White "Solinas, Roberto"]
[Black "Garofalo, Sergio"]
[Result "1/2-1/2"]
[WhiteElo "1773"]
[BlackElo "1804"]
[PlyCount "112"]
[EventDate "2009.01.09"]

1. d4 d5 2. Nf3 c5 3. e3 Nf6 4. c3 e6 5. Bd3 Nc6 6. Nbd2 c4 7. Bc2 b5 8. e4 g6
9. O-O Bg7 10. Re1 O-O 11. e5 Nd7 12. Nf1 f6 13. exf6 Nxf6 14. Ne5 Nxe5 15.
dxe5 Ne4 16. Bxe4 dxe4 17. Qxd8 Rxd8 18. Rxe4 Rd1 19. Rd4 Re1 20. f4 Bb7 21.
Kf2 Re4 22. Be3 Rxd4 23. Bxd4 Rf8 24. g3 Bd5 25. Ke3 a6 26. Nd2 Rb8 27. a3 Bf8
28. Ne4 Bxe4 29. Kxe4 Be7 30. h3 Kf7 31. g4 Rg8 32. Rd1 a5 33. Bb6 b4 34. axb4
axb4 35. Rd7 bxc3 36. bxc3 Rc8 37. Rc7 Rxc7 38. Bxc7 Bc5 39. f5 Bf2 40. fxe6+
Kxe6 41. Bd8 h6 42. h4 h5 43. gxh5 gxh5 44. Bg5 Bb6 45. Bf6 Bf2 46. Bg5 Bb6 47.
Bf4 Bf2 48. Bh2 Bxh4 49. Kd4 Bf2+ 50. Kxc4 h4 51. Kb5 Bg3 52. Bg1 Bxe5 53. c4
Kd7 54. Kb6 Kc8 55. Kc6 h3 56. Kd5 h2 1/2-1/2

[Event "II Trofeo Giovanni Pico"]
[Site "Mirandola ITA"]
[Date "2009.01.11"]
[Round "4"]
[White "Tomasi, Valentina"]
[Black "Marino, Francesco V."]
[Result "0-1"]
[WhiteElo "1431"]
[BlackElo "1854"]
[PlyCount "52"]
[EventDate "2009.01.09"]

1. e4 c5 2. Nf3 Nc6 3. Bb5 g6 4. Bxc6 dxc6 5. O-O Bg7 6. h3 Nf6 7. Re1 O-O 8.
Nc3 Nd7 9. d3 Re8 10. Bf4 h6 11. Qd2 Kh7 12. Rad1 e5 13. Bg3 a5 14. Nh2 Nf8 15.
f4 exf4 16. Bxf4 Be6 17. Rf1 a4 18. a3 Qb6 19. Rb1 Qa7 20. Nf3 Rad8 21. Qf2 b5
22. Qh4 Qe7 23. Qg3 Bc8 24. e5 Ne6 25. Be3 Nd4 26. Ne4 Ne2+ 0-1

[Event "II Trofeo Giovanni Pico"]
[Site "Mirandola ITA"]
[Date "2009.01.11"]
[Round "4"]
[White "Trangoni, Bruno"]
[Black "Fiorentini, Paolo"]
[Result "1-0"]
[WhiteElo "1998"]
[BlackElo "1982"]
[PlyCount "59"]
[EventDate "2009.01.09"]

1. Nf3 g6 2. d4 Bg7 3. Bf4 Nf6 4. e3 d6 5. h3 Nbd7 6. Be2 O-O 7. O-O c5 8. c3
b6 9. Nbd2 Bb7 10. Qb3 Rc8 11. a4 cxd4 12. exd4 Qc7 13. Rfe1 Rce8 14. Bc4 h6
15. Bh2 Qc8 16. a5 g5 17. axb6 axb6 18. Ra7 Qc7 19. Ba6 Rb8 20. Rxe7 Qc8 21.
Rxb7 Rxb7 22. Bxb7 Qxb7 23. Bxd6 Qc6 24. Ba3 Nd5 25. Re1 Rc8 26. g3 Bf6 27. Ne4
Bg7 28. Nd6 Rd8 29. Nf5 Qa8 30. Qxd5 1-0

[Event "II Trofeo Giovanni Pico"]
[Site "Mirandola ITA"]
[Date "2009.01.11"]
[Round "4"]
[White "Zanetto, Marco"]
[Black "Correggiari, Amedeo Luigi"]
[Result "1-0"]
[WhiteElo "1815"]
[BlackElo "1440"]
[PlyCount "43"]
[EventDate "2009.01.09"]

1. e4 e5 2. Nf3 d6 3. d4 exd4 4. Nxd4 Be7 5. c4 Nf6 6. Nc3 O-O 7. Bd3 Nbd7 8.
Bc2 Ne5 9. b3 Re8 10. Nd5 Nxd5 11. exd5 Bg4 12. f3 Bh5 13. Kd2 Nxf3+ 14. gxf3
Bg5+ 15. Kc3 c5 16. dxc6 Qa5+ 17. b4 Re3+ 18. Bxe3 Qa3+ 19. Nb3 a5 20. Bxg5
Qxb4+ 21. Kb2 a4 22. c7 1-0

[Event "II Trofeo Giovanni Pico"]
[Site "Mirandola ITA"]
[Date "2009.01.11"]
[Round "5"]
[White "Balboni, Lamberto"]
[Black "Binder, Andrea"]
[Result "0-1"]
[WhiteElo "1772"]
[BlackElo "1914"]
[PlyCount "70"]
[EventDate "2009.01.09"]

1. e4 d5 2. exd5 Qxd5 3. Nc3 Qa5 4. Bc4 Nf6 5. d3 c6 6. Bd2 Qc7 7. Nf3 Bg4 8.
h3 Bh5 9. Qe2 e6 10. Bb3 Nbd7 11. g4 Bg6 12. a3 O-O-O 13. O-O-O Bd6 14. Kb1 Kb8
15. Rde1 Nd5 16. Bxd5 exd5 17. h4 f6 18. h5 Rhe8 19. Qd1 Bf7 20. Nd4 Ka8 21.
Nf5 Bf8 22. Bf4 Qxf4 23. Ne2 Qc7 24. b3 Bxa3 25. Qd2 Bf8 26. Kb2 Ne5 27. Ra1 a6
28. Ned4 Qb6 29. Ra4 c5 30. Ne2 c4 31. b4 d4 32. Qd1 c3+ 33. Ka3 Rd5 34. Nf4
Bxb4+ 35. Rxb4 Ra5+ 0-1

[Event "II Trofeo Giovanni Pico"]
[Site "Mirandola ITA"]
[Date "2009.01.11"]
[Round "5"]
[White "Benedetti, Maurizio"]
[Black "Ricci, Alfredo"]
[Result "0-1"]
[WhiteElo "1547"]
[BlackElo "2031"]
[PlyCount "40"]
[EventDate "2009.01.09"]

1. c4 Nf6 2. Nc3 g6 3. g3 Bg7 4. Bg2 O-O 5. d4 c6 6. e4 d6 7. Nf3 Nbd7 8. O-O
e5 9. Re1 Re8 10. Be3 Qc7 11. Rc1 Ng4 12. Bd2 exd4 13. Nxd4 Nxf2 14. Kxf2 Bxd4+
15. Be3 Bxe3+ 16. Kxe3 Qb6+ 17. Kf3 Ne5+ 18. Kf4 Qf2+ 19. Kg5 f6+ 20. Kh4 Qxg2
0-1

[Event "II Trofeo Giovanni Pico"]
[Site "Mirandola ITA"]
[Date "2009.01.11"]
[Round "5"]
[White "Buriani, Andrea"]
[Black "Lagrotteria, Salvatore"]
[Result "0-1"]
[WhiteElo "2155"]
[BlackElo "2215"]
[PlyCount "108"]
[EventDate "2009.01.09"]

1. d4 d5 2. Nf3 Nf6 3. e3 Bg4 4. Nbd2 e6 5. Bd3 Be7 6. O-O a5 7. c4 O-O 8. Qc2
Nc6 9. a3 dxc4 10. Nxc4 Bxf3 11. gxf3 Qd5 12. f4 Qh5 13. f3 Nd7 14. Qg2 f5 15.
Bd2 Rf6 16. Kh1 Rg6 17. Qe2 b5 18. Ne5 Ndxe5 19. fxe5 Rb8 20. Rac1 Rb6 21. Bxb5
Na7 22. Be8 Rxb2 23. Bxg6 hxg6 24. Rb1 Ra2 25. Ra1 Rb2 26. Rfb1 Rc2 27. Rc1 Rc6
28. Bxa5 Rxc1+ 29. Rxc1 c5 30. Bb6 Nc6 31. Bxc5 f4 32. Bd6 Bxd6 33. Rxc6 Bxa3
34. Rxe6 fxe3 35. Qxe3 Qh3 36. Kg1 Qxe6 37. Qxa3 Qc4 38. Qa8+ Kf7 39. Qe4 Qc1+
40. Kg2 Qd2+ 41. Kg3 Qd1 42. Qf4+ Ke6 43. Qg4+ Ke7 44. Qg5+ Kf7 45. Qe3 Ke6 46.
Qf2 Qc1 47. Kg4 Qb1 48. Kg3 Qc1 49. h4 g5 50. Qa2+ Ke7 51. Qa7+ Ke6 52. Qb6+
Kf5 53. hxg5 Qg1+ 54. Kh3 Kf4 0-1

[Event "II Trofeo Giovanni Pico"]
[Site "Mirandola ITA"]
[Date "2009.01.11"]
[Round "5"]
[White "Camerini, Lorenzo"]
[Black "Jimchi, Abdelaziz"]
[Result "0-1"]
[WhiteElo "2101"]
[BlackElo "1884"]
[PlyCount "56"]
[EventDate "2009.01.09"]

1. e4 d6 2. d4 Nf6 3. Nc3 c6 4. f4 Qa5 5. e5 Ne4 6. Bd2 Nxd2 7. Qxd2 Bf5 8. Bd3
Bxd3 9. Qxd3 e6 10. Nge2 dxe5 11. dxe5 Na6 12. O-O-O Rd8 13. Qg3 Nc7 14. Kb1
Nd5 15. Ne4 Qb6 16. Nd6+ Bxd6 17. Qxg7 Ba3 18. b3 Rf8 19. Rd3 Nb4 20. Rd6 Rxd6
21. exd6 Qd8 22. Rd1 Kd7 23. f5 exf5 24. Nd4 Nd5 25. Rd3 Qe8 26. Nf3 Bxd6 27.
c4 Qe4 28. Kc2 Nb4+ 0-1

[Event "II Trofeo Giovanni Pico"]
[Site "Mirandola ITA"]
[Date "2009.01.11"]
[Round "5"]
[White "Campini, Marco"]
[Black "Vezzosi, Paolo"]
[Result "0-1"]
[WhiteElo "2075"]
[BlackElo "2374"]
[PlyCount "84"]
[EventDate "2009.01.09"]

1. e4 c6 2. d4 d5 3. Nd2 dxe4 4. Nxe4 Bf5 5. Ng3 Bg6 6. Nh3 e6 7. Nf4 Qh4 8.
Nxg6 hxg6 9. Be3 Nd7 10. Qf3 Ngf6 11. O-O-O Bd6 12. Kb1 O-O-O 13. Bc4 Kb8 14.
Bb3 g5 15. Nf1 g4 16. Qe2 Qh5 17. a4 Nd5 18. Nd2 N7f6 19. Nc4 Bc7 20. c3 Nb6
21. Bc2 Nxc4 22. Qxc4 Qd5 23. Qxd5 Rxd5 24. h4 gxh3 25. Rxh3 Rxh3 26. gxh3 g6
27. Rg1 Rh5 28. h4 Nh7 29. Rg4 Kc8 30. Bg5 Kd7 31. b4 Nxg5 32. hxg5 Rh1+ 33.
Kb2 a5 34. Kb3 axb4 35. Kxb4 Rh2 36. Kb3 Rxf2 37. Rg1 Bf4 38. Be4 Bd2 39. Kc2
Bxg5+ 40. Kd3 Rd2+ 41. Kc4 Bd8 42. Rh1 Re2 0-1